000 01216cam a22002651i 4500
003 SA-RiAUC
005 20240924105130.0
008 240922s1993 su g f00010cara c
020 _a9960060063
040 _aSA-MdTU
_bara
_cSA-RiAUC
_erda
082 _a929.4
090 _a929.4
_bب د ر
100 1 _aبدر الدين العيني، محمود بن أحمد بن موسى،
_d762-855 هجري
_eمؤلف.
245 1 0 _aكشف القناع المرني عن مهمات الأسامي والكنى /
_cمحمود بن أحمد بن موسى بدر الدين العيني ؛ تحقيق أحمد محمد نمر الخطيب.
250 _aالطبعة الأولى.
264 1 _aجدة، السعودية :
_bجامعة الملك عبد العزيز، مركز النشر العلمي،
_c1984
300 _a858 صفحة ؛
_c24 سم
336 _aنص
_btxt
_2rdacontent
_3كتاب
337 _aبدون وسيط
_bn
_2rdamedia
338 _aمجلد
_bnc
_2rdacarrier
650 7 _aالأسماء والكنى والألقاب والأنساب في الحديث
_2aucsh
700 1 _aالخطيب، أحمد محمد نمر
_eمحقق.
942 _2ddc
_cBOOK
_n0
949 _aSA-JeALM
_d240922
_umohamedma123
_n1
999 _c520
_d520